000 00272nam a2200121Ia 4500
008 231129s1988||||xx |||||||||||||| ||spa||
040 _bspa
082 _a613 H918
245 0 _aHumanización en salud
260 _c1988
264 _aCencapas ; Selare
942 _2ddc
_cBKS
999 _c15505
_d15505